00341nam a22001217a 4500020000800000040001600008082001700024100002600041245006700067250001200134260003600146300003700182 qPB. cFIZZA ISHAQ a347.305bROT aRothwax , Harold J.  aGuilty: The Collapse of Criminal Justice /cHarold J. Rothwax. a1st ED. aNew York:bRandom House,c1996. a238 P. ;c6.5 x 1.25 x 10 inches